| 000 | 00806nam a22002777a 4500 | ||
|---|---|---|---|
| 003 | CHAP | ||
| 005 | 20220329135309.0 | ||
| 008 | 971013s1972 r 00010 d | ||
| 010 | _a33987 | ||
| 011 | _a34959 | ||
| 035 | _a39075 | ||
| 040 | _cCHAP | ||
| 090 | _aFolleto 3995 | ||
| 100 | 0 | 0 |
_aOchoa Ordóñez, Bibiano. _982686 |
| 245 | _aPodas del manzano | ||
| 260 |
_aZacatlán, Pue. : _bBanco Nacional de Crédito Agrícola, _c1972 |
||
| 300 | _a6 p. | ||
| 590 |
_aBATCH-UPD _b10 _c20130110 _lUCH01 _h1944 |
||
| 590 |
_aBATCH-UPD _b10 _c20130410 _lUCH01 _h1306 |
||
| 590 |
_aBATCH-UPD _b10 _c20130914 _lUCH01 _h1745 |
||
| 590 |
_aCONVERSION _b10 _c20130109 _lUCH01 _h1319 |
||
| 650 | 1 | 4 |
_aManzana _xPoda. _970793 |
| 901 | _aBK | ||
| 942 | _cFOLL | ||
| 949 |
_aFolleto 3995 _bBC _cFOLL _d-89274 _eTS1 _i39075 _si |
||
| 999 |
_c33987 _d33987 |
||